| 000 | 00532mam a2200181 4500 | ||
|---|---|---|---|
| 082 |
_a510.2462 _bDOH _cL-3, p-16 |
||
| 100 | 1 |
_aDoherty, Robert E. _939009 |
|
| 245 | 1 | 0 | _aMathematics of modern engineering. |
| 260 |
_aNew York, _bDover Publications _c[1961, c1936-42] |
||
| 300 |
_a253p.: _c24 cm. |
||
| 526 |
_a0 _b0 _c0 _d510_246200000000000_DOH |
||
| 526 |
_a0 _b0 _c0 _d510_246200000000000_DOH |
||
| 650 | 0 | _aEngineering. | |
| 650 | 0 | _aMathematics. | |
| 650 | 0 |
_aMCE _9379 |
|
| 700 | 1 |
_aKeller, Ernest G. _939010 |
|
| 942 |
_2ddc _cBK |
||
| 999 |
_c543597 _d543597 |
||